000
00294nam a22001217a 4500
008
181217b xxu||||| |||| 00| 0 eng d
041
_a
eng
080
_2
2nd
_a
574
100
_a
9
101
_a
MJE
245
_a
Human Poisoning from Native and Cultivated Plants
_c
Hardin,J.W
942
_2
udc
_c
BK
999
_c
53193
_d
53193